000 00545nam a2200217Ia 4500
003 OSt
005 20220925215446.0
006 a|||||r|||| 00| 0
007 ta
008 220923b |||||||| |||| 00| 0 eng d
037 _cGeneral Book
040 _aRTL
_cRTL
_beng
041 _2eng
_aeng
082 _aX, J4
100 _aClark Colin
_9122958
245 0 _aCast of living.
260 _aLondon
_bHollis and carter
_c1957
300 _a37p.
_ccm.
942 _hX, J4
_cGB
_2CC
999 _c568853
_d568853